| 000 | 004140000a22001690004500 | ||
|---|---|---|---|
| 003 | MACL | ||
| 005 | 20151227151429.0 | ||
| 008 | 151227b xxu||||| |||| 00| 0 eng d | ||
| 040 |
_aMACL _cMACL |
||
| 041 | _aEnglish | ||
| 082 | _a030 | ||
| 100 |
_aThe Educational Writings _923392 |
||
| 245 | _aThe Concise Household Encyclopedia | ||
| 260 | _bThe Edu | ||
| 650 |
_aEncyclopaedia _923393 |
||
| 942 |
_cBK _k030 _2ddc |
||
| 999 |
_c36139 _d36139 |
||